000 00337nam a22001457a 4500
008 211012b ||||| |||| 00| 0 eng d
020 _a9781572243101
041 _aeng
080 _a610
082 _a610
100 _a4
101 _aSHM
245 _aHelping Your Child Overcome an Eating Disorder
_cTeachman,B.A
942 _2udc
_cBK
999 _c58170
_d58170